<?xml version="1.0" encoding="UTF-8"?><?xml-stylesheet type="text/xsl" href="static/style.xsl"?><OAI-PMH xmlns="http://www.openarchives.org/OAI/2.0/" xmlns:xsi="http://www.w3.org/2001/XMLSchema-instance" xsi:schemaLocation="http://www.openarchives.org/OAI/2.0/ http://www.openarchives.org/OAI/2.0/OAI-PMH.xsd"><responseDate>2026-04-27T21:22:43Z</responseDate><request verb="GetRecord" identifier="oai:uvadoc.uva.es:10324/77112" metadataPrefix="marc">https://uvadoc.uva.es/oai/request</request><GetRecord><record><header><identifier>oai:uvadoc.uva.es:10324/77112</identifier><datestamp>2025-08-25T19:02:44Z</datestamp><setSpec>com_10324_38</setSpec><setSpec>col_10324_787</setSpec></header><metadata><record xmlns="http://www.loc.gov/MARC21/slim" xmlns:doc="http://www.lyncode.com/xoai" xmlns:xsi="http://www.w3.org/2001/XMLSchema-instance" xmlns:dcterms="http://purl.org/dc/terms/" xsi:schemaLocation="http://www.loc.gov/MARC21/slim http://www.loc.gov/standards/marcxml/schema/MARC21slim.xsd">
<leader>00925njm 22002777a 4500</leader>
<datafield tag="042" ind1=" " ind2=" ">
<subfield code="a">dc</subfield>
</datafield>
<datafield tag="720" ind1=" " ind2=" ">
<subfield code="a">Davila Valverde, Johana Lesly</subfield>
<subfield code="e">author</subfield>
</datafield>
<datafield tag="260" ind1=" " ind2=" ">
<subfield code="c">2025</subfield>
</datafield>
<datafield tag="520" ind1=" " ind2=" ">
<subfield code="a">La presión fiscal sobre el sistema bancario en España se ha incrementado, especialmente con la introducción de nuevos impuestos y gravámenes. El sistema bancario paga ya un tipo del 30% en el Impuesto de Sociedades, además de otros impuestos específicos y se han propuesto nuevos impuestos, como el gravamen sobre los márgenes bancarios, que aumentan la carga fiscal sobre el sector.&#xd;
Este trabajo cuantifica la presión fiscal efectiva soportada por los bancos españoles cotizados durante los últimos años. A partir de los estados financieros consolidados (CNMV-XBRL) y de las bases Orbis y SABI se calcula el tipo impositivo efectivo -effective tax rate (ETR) en terminología anglosajona-, la ETR contable, la ETR efectivamente pagada y la brecha respecto del tipo nominal. El análisis incorpora el gravamen bancario permanente del 4,8 %, la transposición del Pilar 2 de la OCDE (suelo efectivo del 15 %) y la conversión de activos fiscales diferidos en créditos frente al Estado (para asegurar una mínima recaudación para dar salida a empresas que arrastran deducciones y necesitan dinero de manera inmediata). Un modelo panel dinámico Arellano-Bond permite aislar determinantes micro (tamaño, rentabilidad, apalancamiento) y macro (ciclo económico, reformas tributarias). Los resultados muestran que la ETR media de la banca se situó 5-7 p.p. por debajo del tipo legal, aunque el nuevo recargo reduce esa distancia desde 2023. Las conclusiones abordan el impacto sobre la competitividad, la recaudación y la transparencia fiscal y proponen recomendaciones de política pública</subfield>
</datafield>
<datafield tag="024" ind2=" " ind1="8">
<subfield code="a">https://uvadoc.uva.es/handle/10324/77112</subfield>
</datafield>
<datafield ind1=" " ind2=" " tag="653">
<subfield code="a">Bancos - Impuestos</subfield>
</datafield>
<datafield ind1=" " ind2=" " tag="653">
<subfield code="a">Bancos - España</subfield>
</datafield>
<datafield tag="245" ind1="0" ind2="0">
<subfield code="a">Presión fiscal en el sistema bancario español; estudio del impacto de nuevos gravámenes. Especial referencia al Banco Santander</subfield>
</datafield>
</record></metadata></record></GetRecord></OAI-PMH>